Statistics for U.S. States by Alternate Nickname

Click here to take the quiz!

General Stats

  • This quiz has been taken 25,148 times
    (5,693 since last reset)
  • The average score is 17 of 24

Answer Stats

Nicknames State % Correct
Mormon State, Friendly StateUtah
95%
Orange State, Alligator StateFlorida
93%
Pineapple State, Rainbow StateHawaii
86%
Creole State, Fisherman's ParadiseLouisiana
86%
Liberty Bell State, Quaker StatePennsylvania
83%
Bear Republic, El Dorado StateCalifornia
80%
Heart of Dixie, Cotton StateAlabama
79%
Highest State, Columbine StateColorado
78%
Land of Lincoln, Corn StateIllinois
78%
Land of 10,000 Lakes, The Gopher StateMinnesota
76%
Spud State, Gem of the MountainsIdaho
76%
Chesapeake State, Terrapin StateMaryland
71%
Big Sky Country, The Last Best PlaceMontana
70%
Baked Bean State, Pilgrim StateMassachusetts
70%
Land of the Midnight Sun, Seward's FollyAlaska
69%
Mother of Presidents, The CommonwealthVirginia
67%
Mitten State, Wolverine StateMichigan
66%
Razorback State, Hot Springs StateArkansas
61%
Rough Rider State, Sioux StateNorth Dakota
61%
Mother of Modern Presidents,
Birthplace of Aviation
Ohio
60%
Bellwether State, Ozark StateMissouri
53%
Apache State, Copper StateArizona
51%
Corporate Capital, Blue Hen StateDelaware
47%
The Crossroads of the Revolution,
Tomato State
New Jersey
38%

Score Distribution

Percentile by Number Answered

Percent of People with Each Score

Your Score History

You have not taken this quiz since the last reset